Focus on arbovirus infections (Record no. 171311)
[ view plain ]
| 000 -LEADER | |
|---|---|
| fixed length control field | 01169nam a2200313Ia 4500 |
| 082 04 - DEWEY DECIMAL CLASSIFICATION NUMBER | |
| Classification number | 579.2/562 |
| 100 0# - MAIN ENTRY--AUTHOR NAME | |
| Personal name | Viroj Wiwanitkit. |
| 245 10 - TITLE STATEMENT | |
| Title | Focus on arbovirus infections |
| 260 ## - PUBLICATION, DISTRIBUTION, ETC. (IMPRINT) | |
| Place of publication | Hauppauge NY : |
| Name of publisher | Nova Science Publishers, |
| Year of publication | c2009. |
| 300 ## - PHYSICAL DESCRIPTION | |
| Number of Pages | 212 p. : |
| Other physical details | ill. |
| 650 #0 - SUBJECT ADDED ENTRY--TOPICAL TERM | |
| Topical Term | Arbovirus infections. |
| Topical Term | Arboviruses. |
| 856 40 - ELECTRONIC LOCATION AND ACCESS | |
| Uniform Resource Identifier | http://site.ebrary.com/lib/rucke/Doc?id=10662943 |
No items available.
